000 00834nam a2200241Ia 4500
001 17565
003 GE_BSU
008 181216s||||||||xx |||||||||||||| ||und||
040 _cGE_BSU
080 _a821.161.1+821.161.1-32+821.353.1-2
100 _aჩეხოვი, ა.პ.
245 _aთხზულებანი სამ ტომად:ტომი III:მოთხრობები, 1892-1903
245 _bმოთხრობები
245 _cრედ.:გ.ციცქიშვილი;მხატვ.:ჯ.ლოლუა
260 _aთბილისი
260 _bსაბჭ.საქართველო
260 _c1962
300 _a413გვ.;21სმ
300 _eილ.
653 _aთხზულებანი
653 _aმოგონებები
942 _cBK
999 _c50615
_d50615